000 01127nam a2200277Ia 4500
003 OSt
005 20221005105705.0
006 a|||||r|||| 00| 0
007 ta
008 221004b |||||||| |||| 00| 0 hin d
020 _a8181435060 (hbk)
_c150
024 _a106287
037 _b371, 17/02/2011, Vani Prakashan
_cTextual
040 _aCRL
_cCRL
_bhin
041 _2hin
_ahin
082 _aO152,1N25x, P6
100 _aत्यागी, रामावतार
245 0 _aहमारे लोकप्रिय गीतकार रामावतार त्यागी
246 _aHamāre lokapriya gītakār rāmāvatār tyāgī
260 _aनई दिल्ली
_bवाणी प्रकाशन भारत
_c2006
300 _a144पृ0
_ccm.
650 _aहिन्दी साहित्य
700 _a गर्ग, शेरजंग, संपा.
942 _hO152,1N25x, P6
_cTEXL
_2cc
999 _c1016586
_d1016586